El impacto de la migración a Estados Unidos en comunidades de origen en México : (Record no. 199093)
[ view plain ]
| 000 -CABECERA | |
|---|---|
| campo de control de longitud fija | 00849nam a2200229 u 4500 |
| 005 - FECHA Y HORA DE LA ÚLTIMA TRANSACCIÓN | |
| campo de control | 20240621063658.0 |
| 008 - ELEMENTOS DE LONGITUD FIJA--INFORMACIÓN GENERAL | |
| campo de control de longitud fija | 181002s2017 r 000 0 eng d |
| 020 ## - NÚMERO INTERNACIONAL NORMALIZADO PARA LIBROS | |
| Número Internacional Estándar del Libro | 9786079470890 |
| 035 ## - NÚMERO DE CONTROL DEL SISTEMA | |
| Número de control de sistema | UPN01000226997 |
| 049 ## - COLECCIÓN | |
| Colección | CG |
| 050 #4 - SIGNATURA TOPOGRÁFICA DE LA BIBLIOTECA DEL CONGRESO | |
| Número de clasificación | JV7401 |
| Número de documento/Ítem | I4.6 |
| 245 03 - MENCIÓN DE TÍTULO | |
| Título | El impacto de la migración a Estados Unidos en comunidades de origen en México : |
| Resto del título | a través de relaciones : estudios de historia y sociedad / |
| Mención de responsabilidad, etc. | comp. Rafael Alarcón Acosta. |
| 260 ## - PUBLICACIÓN, DISTRIBUCIÓN, ETC. | |
| Lugar de publicación, distribución, etc. | Zamora, Mich. : |
| Nombre del editor, distribuidor, etc. | El Colegio de Michoacán, |
| Fecha de publicación, distribución, etc. | c2017. |
| 300 ## - DESCRIPCIÓN FÍSICA | |
| Extensión | 436 p. : |
| Otras características físicas | il., cuadros |
| 440 #0 - MENCIÓN DE SERIE/ASIENTO SECUNDARIO--TÍTULO | |
| Título | Textos escogidos |
| 651 #4 - ASIENTO SECUNDARIO DE MATERIA - NOMBRE GEOGRAFICO | |
| Nombre geográfico | México |
| Subdivisión general | Emigración e inmigración |
| 9 (RLIN) | 7931 |
| 651 #4 - ASIENTO SECUNDARIO DE MATERIA - NOMBRE GEOGRAFICO | |
| Nombre geográfico | Estados Unidos |
| Subdivisión general | Emigración e inmigración |
| 9 (RLIN) | 15551 |
| 650 #4 - ASIENTO SECUNDARIO DE MATERIA - TERMINO TEMATICO | |
| Término de materia o nombre geográfico como elemento de entrada | Mexicanos en los Estados Unidos |
| 9 (RLIN) | 4447 |
| 700 1# - ASIENTO SECUNDARIO--NOMBRE DE PERSONAL | |
| Nombre de persona | Alarcón Acosta, Rafael, |
| Término indicativo de función/relación | comp. |
| 905 ## - TIPO DE MATERIAL | |
| Tipo de material | Libro |
| Estado de retiro | Estado de pérdida | Fuente del sistema de clasificación o colocación | Estado dañado | No para préstamo | Código de colección | Localización permanente | Ubicación/localización actual | Ubicación en estantería | Total de préstamos | Clasificación | Código de barras | Fecha visto por última vez | Número de copia | Tipo de ítem Koha |
|---|---|---|---|---|---|---|---|---|---|---|---|---|---|---|
| Library of Congress Classification | Colección General | Bib. Gregorio Torres Quintero | Bib. Gregorio Torres Quintero | Planta baja | JV7401 I4.6 | 326983 | 31/12/2020 | 1 | Libro | |||||
| Library of Congress Classification | Colección General | Bib. Gregorio Torres Quintero | Bib. Gregorio Torres Quintero | Planta baja | 1 | JV7401 I4.6 | 326984 | 31/12/2020 | 1 | Libro |
